Datuk Maharaja Lela penentang inggeris

Bibliographic Details
Main Author: M. Baihaqi
Format: Book
Published: Rawang : Bukuria Enterprise , 2011
Subjects:

MARC

LEADER 00000cam a2200000 7i4500
001 0000174792
005 20130413.0
020 |a 9789675113475 
090 0 0 |a JF   |b MBA 
100 0 |a M. Baihaqi 
245 1 0 |a Datuk Maharaja Lela penentang inggeris   |c M. Baihaqi 
260 |a Rawang :   |b Bukuria Enterprise ,   |c 2011 
300 |a 44p. ;   |c 21. 
650 0 0 |a Children's stories 
650 0 0 |a Historical fiction, Malay 
999 |a 00279092   |b BUKU   |c PINJAMAN   |e PERPUSTAKAAN KOMUNITI CAW TAMAN MEDAN